Bí quyết dưỡng sinh của người Trung Quốc cổ

שמור ב:
מידע ביבליוגרפי
מחבר ראשי: Hiếu Nhân
פורמט: ספר
שפה:Undetermined
יצא לאור: Hà Nội Thanh niên 2000
נושאים:
תגים: הוספת תג
אין תגיות, היה/י הראשונ/ה לתייג את הרשומה!
Thư viện lưu trữ: Trung tâm Học liệu Trường Đại học Cần Thơ
LEADER 00586nam a2200193Ia 4500
001 CTU_37363
008 210402s9999 xx 000 0 und d
020 |b 30.000đ 
082 |a 613.7046 
082 |b H309 
100 |a Hiếu Nhân 
245 0 |a Bí quyết dưỡng sinh của người Trung Quốc cổ 
245 0 |c Hiếu Nhân, Phong Dao 
260 |a Hà Nội 
260 |b Thanh niên 
260 |c 2000 
650 |a physical fitness,yoga 
904 |i Nguyễn Quang Điền, 000719 
980 |a Trung tâm Học liệu Trường Đại học Cần Thơ